| 000 | 01249cam a2200313Ia 4500 | ||
|---|---|---|---|
| 003 | data | ||
| 005 | 20260322212023.0 | ||
| 008 | data | ||
| 020 | _a9781616516598 | ||
| 020 | _a1616516593 | ||
| 040 |
_aBTCTA _beng _cBTCTA _dOCLCF _dJRS _dGUA _dBDX _dKCP _dOCLCF |
||
| 092 | _a658 Bos 2012 | ||
| 100 | 1 | _aBostick, Nan | |
| 245 | 1 | 0 |
_aManaging money : _bControlling your spending banking basics buy now, pay later improving your budgeting skills / _cNan Bostick, Susan M. Freese & Saddleback Educational Publishing. |
| 260 |
_a[Costa Mesa, Calif.] : _bSaddleback Educational Pub., _cc2012 |
||
| 300 |
_a120 p. : _bcol. ill. ; _c23 cm |
||
| 490 | 1 | _a21st century life skills handbooks | |
| 500 | _aIncludes index | ||
| 505 | 0 | 0 |
_tImproving your budgeting skills _tBanking basics -- _tBuy now, pay later -- _tImproving your budgeting skills |
| 520 | _aProvides tips and information on managing personal finances, including choosing a bank, using credit cards, and balancing a budget | ||
| 521 | 8 | _aGrades: 9-12 | |
| 650 | 0 | _aFinance, Personal | |
| 650 | 0 | _aConsumer education | |
| 650 | 0 | _aLife skills | |
| 700 | 1 |
_aFreese, Susan M., _d1958- |
|
| 710 | 2 | _aSaddleback Educational Publishing | |
| 830 | 0 | _a21st century lifeskills handbooks | |
| 001 | data | ||
| 999 |
_c524 _d524 |
||